History Quiz

Random History or Country Quiz

Category Cracker: History Quiz Stats

 Plays Quiz Updated Aug 1, 2020

Support Sporcle.
Go Orange.
Score 0/43 Timer 07:00
10 Plays Today
Category Answer % Correct
CATEGORY 1US Presidents to Die in Office
100%
CATEGORY 1John F. Kennedy [S]
96.4%
CATEGORY 1Abraham Lincoln [A]
95.9%
CATEGORY 1Franklin D. Roosevelt [E]
89.8%
CATEGORY 1William McKinley [C]
83.5%
CATEGORY 1James A. Garfield [N]
82.6%
CATEGORY 1William H. Harrison [B]
81.5%
CATEGORY 1Zachary Taylor [R]
78.6%
CATEGORY 1Warren Harding [H]
77.9%
CATEGORY 2Navy [S]
74.3%
CATEGORY 2Air Force [W]
74%
CATEGORY 2Army [I]
74%
CATEGORY 2Marine Corps [E]
73.8%
CATEGORY 2US Armed Forces
73.7%
CATEGORY 2Coast Guard [V]
73.4%
CATEGORY 3Henry VIII's Wives
72.7%
CATEGORY 3Anne Boleyn [O]
66.7%
CATEGORY 3Catherine of Aragon [W]
63.9%
CATEGORY 3Jane Seymour [N]
62.8%
CATEGORY 3Catherine Parr [R]
62.6%
CATEGORY 3Anne of Cleves [D]
62.1%
CATEGORY 3Catherine Howard [E]
62%
Category Answer % Correct
CATEGORY 4Wonders of the Ancient World
61.1%
CATEGORY 4Great Pyramids of Giza [L]
60%
CATEGORY 4Hanging Gardens of Babylon [I]
59.3%
CATEGORY 4Colossus of Rhodes [A]
56%
CATEGORY 4Lighthouse of Alexandria [G]
54.7%
CATEGORY 4Statue of Zeus at Olympia [E]
53.6%
CATEGORY 4Temple of Artemis at Ephesus [D]
52.5%
CATEGORY 4Mausoleum at Halicarnassus [N]
51.8%
CATEGORY 5United States [D]
51.7%
CATEGORY 5Founding NATO Countries
51%
CATEGORY 5France [N]
51%
CATEGORY 5United Kingdom [E]
50.6%
CATEGORY 5Canada [C]
48.5%
CATEGORY 5Italy [W]
48.2%
CATEGORY 5Norway [D]
46.6%
CATEGORY 5Belgium [A]
46.5%
CATEGORY 5Netherlands [E]
46.1%
CATEGORY 5Portugal [G]
45.6%
CATEGORY 5Denmark [K]
45.4%
CATEGORY 5Iceland [O]
43.7%
CATEGORY 5Luxembourg [L]
43.1%

You're not logged in!

Compare scores with friends on all Sporcle quizzes.
OR
Log In

From the Vault

Vocabulary Blitz LXVII

by iglew

There are 'various' words in need of definitions.
Remove Ads.
Support Sporcle.
Get the best of Sporcle when you Go Orange. This ad-free experience offers more features, more stats, and more fun while also helping to support Sporcle. Thank you for becoming a member.

Show Comments

Extras

Top Quizzes Today


Score Distribution

Your Account Isn't Verified!

In order to create a playlist on Sporcle, you need to verify the email address you used during registration. Go to your Sporcle Settings to finish the process.

Report this User

Report this user for behavior that violates our Community Guidelines.

Details: